[Event "Fredericia (Women)"]
[Site "Fredericia"]
[Date "2022.05.29"]
[Round "10"]
[White "Lach, Aleksandra"]
[Black "Durrfeld, Sofie Bech"]
[Result "1-0"]
[WhiteElo "2202"]
[BlackElo "1773"]
[PlyCount "63"]
[EventDate "2022.05.25"]
[EventType "tourn"]
[EventRounds "10"]
[EventCountry "DEN"]
[SourceTitle "EXT 2024"]
[Source "ChessBase"]
[SourceDate "2023.10.10"]
[SourceVersion "1"]
[SourceVersionDate "2023.10.10"]
[SourceQuality "1"]

1. e4 c5 2. Nc3 d6 3. Nge2 g6 4. g3 Bg7 5. Bg2 Nc6 6. d3 Nf6 7. h3 Bd7 8. Be3 0-0 9. Qd2 Rb8 10. Bh6 b5 11. Bxg7 Kxg7 12. 0-0 e6 13. g4 b4 14. Nd1 Qc7 15. Ne3 Rfd8 16. Ng3 h6 17. f4 Bc8 18. Qf2 Bb7 19. h4 Rh8 20. f5 Rbf8 21. g5 hxg5 22. hxg5 Nh5 23. Nxh5+ Rxh5 24. fxe6 d5 25. Qf6+ Kh7 26. Qxf7+ Rxf7 27. Rxf7+ Qxf7 28. exf7 Kg7 29. Rf1 Kf8 30. Nxd5 Ne5 31. Nf4 Rh8 32. Ne6+ 1-0

[Event "Fredericia (Women)"]
[Site "Fredericia"]
[Date "2022.05.27"]
[Round "6"]
[White "Durrfeld, Sofie Bech"]
[Black "Andersson, Christin"]
[Result "0-1"]
[WhiteElo "1773"]
[BlackElo "2028"]
[PlyCount "44"]
[EventDate "2022.05.25"]
[EventType "tourn"]
[EventRounds "10"]
[EventCountry "DEN"]
[SourceTitle "EXT 2024"]
[Source "ChessBase"]
[SourceDate "2023.10.10"]
[SourceVersion "1"]
[SourceVersionDate "2023.10.10"]
[SourceQuality "1"]

1. e4 e5 2. Bc4 d6 3. Nc3 Nf6 4. d3 c6 5. Nf3 Be6 6. 0-0 Bxc4 7. dxc4 Be7 8. Qd3 Nbd7 9. Be3 0-0 10. Ne2 d5 11. Ng3 dxe4 12. Nxe4 Nxe4 13. Qxe4 f5 14. Qd3 e4 15. Qb3 exf3 16. Rfd1 Qe8 17. Qxb7 Ne5 18. Bd4 Qg6 19. g3 Qh5 20. Kh1 Qh3 21. Rg1 Ng4 22. Qxe7 Qxh2# 0-1

[Event "Fredericia (Women)"]
[Site "Fredericia"]
[Date "2022.05.27"]
[Round "5"]
[White "Durrfeld, Sofie Bech"]
[Black "Lach, Aleksandra"]
[Result "0-1"]
[WhiteElo "1773"]
[BlackElo "2202"]
[PlyCount "78"]
[EventDate "2022.05.25"]
[EventType "tourn"]
[EventRounds "10"]
[EventCountry "DEN"]
[SourceTitle "EXT 2024"]
[Source "ChessBase"]
[SourceDate "2023.10.10"]
[SourceVersion "1"]
[SourceVersionDate "2023.10.10"]
[SourceQuality "1"]

1. e4 c5 2. Nc3 Nc6 3. Bb5 Nd4 4. Nf3 a6 5. Bd3 g6 6. Rb1 Nc6 7. a3 b5 8. e5 d5 9. exd6 Qxd6 10. 0-0 Nf6 11. Ne4 Nxe4 12. Bxe4 Bb7 13. d4 0-0-0 14. c3 Bg7 15. Be3 f5 16. Bxc6 Qxc6 17. Qe2 e5 18. dxe5 Bxe5 19. Rfd1 Rxd1+ 20. Rxd1 Bc7 21. c4 f4 22. Bd2 Re8 23. Qf1 g5 24. cxb5 axb5 25. Rc1 Rd8 26. Bc3 g4 27. Ne5 Qe4 28. Re1 Qa4 29. Nf7 Rf8 30. Re7 Bd5 31. Ne5 Rd8 32. Qd3 Be4 33. Rxc7+ Kxc7 34. Qf1 Rd1 35. Be1 Qd4 36. Nxg4 Qd3 37. f3 Qb1 38. Kf2 Bd3 39. Ba5+ Kb7 0-1

[Event "Bassano del Grappa Vergani Cup Elitte-A"]
[Site "Bassano del Grappa"]
[Date "2021.01.06"]
[Round "7"]
[White "Candian, Lorenzo"]
[Black "Durrfeld, Sofie Bech"]
[Result "1-0"]
[WhiteElo "1835"]
[BlackElo "1818"]
[PlyCount "57"]
[EventDate "2021.01.03"]
[EventType "swiss"]
[EventRounds "9"]
[EventCountry "ITA"]
[SourceTitle "EXT 2022"]
[Source "ChessBase"]
[SourceDate "2021.10.06"]
[SourceVersion "1"]
[SourceVersionDate "2021.10.06"]
[SourceQuality "1"]

1. e4 c5 2. Nf3 g6 3. d4 cxd4 4. Nxd4 Bg7 5. Nc3 Nc6 6. Be3 Nf6 7. f3 0-0 8. Qd2 d6 9. g4 Ne5 10. 0-0-0 a6 11. h4 h5 12. gxh5 Nxh5 13. Be2 b5 14. Rdg1 Nc4 15. Bxc4 bxc4 16. Bh6 Qb6 17. Bxg7 Kxg7 18. Nd5 Qb7 19. Qg5 Rb8 20. b3 Rh8 21. Nxe7 Kf8 22. Nec6 Ra8 23. Qd8+ Kg7 24. Qxd6 Bd7 25. Qe7 Bxc6 26. Rxg6+ Kh7 27. Rh6+ Kxh6 28. Qg5+ Kh7 29. Rg1 1-0

[Event "Bassano del Grappa Vergani Cup Elitte-A"]
[Site "Bassano del Grappa"]
[Date "2021.01.03"]
[Round "1"]
[White "Song, Julien"]
[Black "Durrfeld, Sofie Bech"]
[Result "1-0"]
[WhiteElo "2306"]
[BlackElo "1818"]
[PlyCount "93"]
[EventDate "2021.01.03"]
[EventType "swiss"]
[EventRounds "9"]
[EventCountry "ITA"]
[SourceTitle "EXT 2022"]
[Source "ChessBase"]
[SourceDate "2021.10.06"]
[SourceVersion "1"]
[SourceVersionDate "2021.10.06"]
[SourceQuality "1"]

1. d4 Nf6 2. c4 e6 3. Nf3 c5 4. d5 exd5 5. cxd5 d6 6. Nc3 g6 7. Bf4 a6 8. a4 Bg7 9. e3 Bg4 10. Be2 Bxf3 11. Bxf3 0-0 12. 0-0 Re8 13. Re1 Qc7 14. e4 Nbd7 15. Qc2 c4 16. Be2 Rac8 17. Rac1 h6 18. h3 g5 19. Bh2 Ne5 20. Qd2 Qa5 21. Ra1 Qb4 22. a5 Qc5 23. Ra4 b5 24. axb6 Qxb6 25. Rea1 Ra8 26. Bxe5 Rxe5 27. Rxc4 Rb8 28. Ra2 Rbe8 29. Bf3 Qb3 30. Raa4 Rb8 31. g3 Rb6 32. Kg2 h5 33. Bd1 Qxb2 34. Qxb2 Rxb2 35. Rxa6 g4 36. hxg4 hxg4 37. Rxd6 Rd2 38. Ba4 Re7 39. Rd8+ Kh7 40. d6 Rb7 41. e5 Rbb2 42. Nd1 Nd5 43. Nxb2 Ne3+ 44. Kg1 Nxc4 45. Nxc4 Rd4 46. Bb3 Rd3 47. Bc2 1-0